00642nam a2200145 a 450000100100000000500170001000800410002704000250006808200210009324501040011426000360021830000280025495201970028299900170047900004637220201002052825.0150805s1994 dr b 000 0 spa d aDO-SdBNPbspacBNPHU axxxxxxxbxxxxxxx03aEl sida y la infección VIH en la República Dominicana : /csituación actual e impacto urbano. aSanto Domingo :bSespas,c1994. a36 p. :bmap. ;c27 cm. 0010718PDaPDbPDcHDd2015-08-05iLF1l0oxxxxxxx xxxxxxxp46372-10r2020-06-25w2020-06-25yLFPDzPerteneció a la biblioteca personal de Chiqui Vicioso / Fidelio Despradel.ZNo se presta c45861d45861